| 000 | 00901nam a2200289 a 4500 | ||
|---|---|---|---|
| 008 | 130801t2012 sp ||||| |||| 001 0 spa d | ||
| 020 | _a9788415419600 | ||
| 041 | _aspa | ||
| 092 |
_c612.2 _l95 _sWES |
||
| 100 | 1 |
_aWest, John B. _9410 |
|
| 245 |
_aFisiologĂa respiratoria. _bFundamentos / _cJohn B. West |
||
| 250 | _a9a ed. | ||
| 260 |
_aBarcelona: _bLippincott; _c2012. |
||
| 300 | _a200 p. | ||
| 500 | _aWest, J. B. (2012). FisiologĂa respiratoria. Fundamentos. (9a ed.). Barcelona : Lippincott. | ||
| 653 | _aFisiologia | ||
| 653 | _aVentilacion | ||
| 653 | _aDifusion | ||
| 653 | _aFlujo sanguineo y metabolismo | ||
| 653 | _aVentilacion y perfusion | ||
| 653 | _aTransporte de gases en sangre | ||
| 653 | _aMecanica de la respiracion | ||
| 653 | _aControl de la ventilacion | ||
| 653 | _aAparato respiratorio y estres | ||
| 653 | _aPruebas funcionales | ||
| 942 |
_2ddc _cBK |
||
| 999 |
_c1609 _d1609 |
||